banner-ar

BRIDGES TO LITERACY / (Record no. 24170)

MARC details
000 -الفاتح
حقل البيانات ثابتة الطول 00530nam a2200205Ia 4500
008 - عناصر البيانات ثابتة الطول - معلومات عامة
حقل البيانات ثابتة الطول 140319s9999 xx 000 0 eng d
040 ## - مصدر الفهرسة
وكالة الفهرسة الأصلية GCL /
وكالة النسخ GCL
082 04 - رقم تصنيف ديوى العشرى
رقم التصنيف 649.68
رقم المادة D B
100 1# - المدخل الرئيسى - إسم شخصى
الإسم الشخصى DICKINSON, DAVID K.
245 10 - بيان العنوان
العنوان BRIDGES TO LITERACY /
بيان المسئوليه,etc DICKINSON, DAVID K.
260 ## - PUBLICATION, DISTRIBUTION, ETC. (IMPRINT)
تاريخ النشر أو التوزيع 1994
300 ## - الوصف المادى
التعداد 297 P
650 04 - المدخل الاضافى بالموضوع-مصطلح موضوعى
مصطلح موضوعي READING
650 04 - المدخل الاضافى بالموضوع-مصطلح موضوعى
مصطلح موضوعي CHILDREN
650 04 - المدخل الاضافى بالموضوع-مصطلح موضوعى
مصطلح موضوعي BOOKS AND READING
650 04 - المدخل الاضافى بالموضوع-مصطلح موضوعى
مصطلح موضوعي FAMILY LITERACY PROGRAMS
650 04 - المدخل الاضافى بالموضوع-مصطلح موضوعى
مصطلح موضوعي PARENT PARTICIPATION
942 ## - عناصر المدخل الإضافي( كوها)
مصدر التصنيف او مخطط الترفيف Dewey Decimal Classification
Koha [default] item type كتاب
260 ## - PUBLICATION, DISTRIBUTION, ETC. (IMPRINT)
-- [S.N] :
-- BLACK WELL ،
Holdings
حالة التراجع حالة الفقد حالة تلف ليس للاعارة المكان المؤقت الموقع الحالى تاريخ الاكتساب اجمالي اﻻعارات رقم الطلب الباركود تاريخ اخر مشاهدة تاريخ تفعيل السعر نوع وعاء كوها
        مكتبة القاهرة الكبرى مكتبة القاهرة الكبرى 03/26/2014   649.68\D B 42969 03/26/2014 03/26/2014 كتاب

Powered By

EGPV